Phasmophobia Maps - Statistics

General Stats
  • This quiz has been taken 30 times
  • The average score is 3 of 15
Answer Stats
Size Status Answer % Correct
Large Online Sunny Meadows
60%
Medium Online Point Hope
40%
Small Online (6) Tanglewood Drive
35%
Medium Online Sunny Meadows Restricted
35%
Medium Online Prison
30%
Small Online Grafton Farmhouse
25%
Small Online Camp Woodwind
20%
Small Online (13) Willow Street
15%
Large Deleted Asylum
15%
Large Online Brownstone High School
15%
Small Planned Nell's Diner
15%
Small Online (10) Ridgeview Court
10%
Small Online (42) Edgefield Road
10%
Medium Online Bleasdale Farmhouse
10%
Medium Online Maple Lodge Campsite
10%
No matching quizzes found
Score Distribution
Percent of People with Each Score
Percentile by Number Answered
Your Score History
You have not taken this quiz